Guia de l'estudiant /
Descripción Física:
il·lustracions ; 21 cm
Materias:
Institut del Teatre (Barcelona, Catalunya). -- Escola Superior de Tècniques de les Arts de l'Espectacle
; Escola Superior de Tècniques de les Arts de l'Espectacle -- Currículums
; Escola Superior de Tècniques de les Arts de l'Espectacle -- Guies
; Institut del Teatre (Barcelona). -- Centre del Vallès -- Currículums
MARC
| LEADER | 00000nam a2200000Ia 4500 | ||
|---|---|---|---|
| 001 | 22050, 17772, 18067, 18226, 21678, 21753, 23809, 25292, 25630, 25753, 25925, 26212 | ||
| 008 | 160829s2004 - xx 000 0 cat d | ||
| 017 | |2 DL B 16578-2019 | ||
| 017 | |a DL B 20656-2017 | ||
| 017 | |a DL B 16733-2016 | ||
| 017 | |a DL B 15836-2014 | ||
| 080 | |a E-1-351, E-1-266, E-1-267, E-1-272, E-1-338, E-1-341, Bib-54, Bib-574 | ||
| 080 | |a Bib-54 | ||
| 080 | |a Bib-54 | ||
| 080 | |a Bib-574 | ||
| 080 | |a Bib-666 | ||
| 110 | 2 | |a Institut del Teatre (Barcelona, Catalunya). |b Escola Superior de Tècniques de les Arts de l'Espectacle |9 53186 | |
| 245 | |a Guia de l'estudiant / |c Escola Superior de Tècniques de les Arts de l'Espectacle | ||
| 260 | |a [Barcelona] : |b Diputació de Barcelona. |b Institut del Teatre, |c 2004- | ||
| 300 | |b il·lustracions ; |c 21 cm | ||
| 610 | 2 | 0 | |a Institut del Teatre (Barcelona, Catalunya). |b Escola Superior de Tècniques de les Arts de l'Espectacle |9 53186 |
| 610 | 1 | 0 | |9 53087 |a Escola Superior de Tècniques de les Arts de l'Espectacle |x Currículums |
| 610 | 1 | 0 | |a Escola Superior de Tècniques de les Arts de l'Espectacle |v Guies |9 52657 |
| 610 | 1 | 0 | |9 53185 |a Institut del Teatre (Barcelona). |b Centre del Vallès |x Currículums |
| 710 | 1 | |9 52662 |a Institut del Teatre (Barcelona, Catalunya) | |
| 866 | |a 2003-2004, 2004-2005, 2005-2006, 2006-2007, 2008-2009, 2009-2010, 2012-13, 2014-15, 2015-16, 2016-17, 2017-18, 2019-20 | ||
| 901 | |a Arxiu | ||
| 942 | |n 1 |2 udc |c ARXIU | ||
| 952 | |0 0 |1 0 |4 0 |6 E1351_E1266_E1267_E1272_E1338_E1341 |7 1 |9 49018 |a Arxiu |b Arxiu |d 2016-12-01 |l 0 |o E-1-351, E-1-266, E-1-267, E-1-272, E-1-338, E-1-341 |p 22050, 17772, 18067, |r 2016-12-01 00:00:00 |w 2016-12-01 |y ARXIU | ||
| 952 | |0 0 |1 0 |4 0 |6 BIB54 |7 1 |9 55576 |a Arxiu |b Arxiu |d 2016-12-01 |h 2012-13 |o Bib-54 |p 23809 |r 2016-12-01 00:00:00 |w 2016-12-01 |y ARXIU | ||
| 952 | |0 0 |1 0 |4 0 |6 BIB521 |7 1 |9 61361 |a Arxiu |b Arxiu |d 2022-04-25 |h 2019-20 |o Bib-521 |p 25292 |r 2022-04-25 00:00:00 |w 2022-04-25 |y ARXIU | ||
| 952 | |0 0 |1 0 |4 0 |6 BIB574 |7 1 |9 62015 |a Arxiu |b Arxiu |d 2022-05-24 |h 2017-18 |o Bib-574 |p 25630 |r 2022-05-24 00:00:00 |w 2022-05-24 |y ARXIU | ||
| 952 | |0 0 |1 0 |4 0 |6 BIB606 |7 1 |9 62144 |a Arxiu |b Arxiu |d 2022-06-02 |h 2015-16 |o Bib-606 |p 25753 |r 2022-06-02 00:00:00 |w 2022-06-02 |y ARXIU | ||
| 952 | |0 0 |1 0 |4 0 |6 BIB666 |7 1 |9 62386 |a Arxiu |b Arxiu |d 2022-06-14 |h 2016-17 |l 0 |o Bib-666 |p 25925 |r 2022-06-14 00:00:00 |w 2022-06-14 |y ARXIU | ||
| 952 | |0 0 |1 0 |4 0 |6 PDL |7 1 |9 62436 |a Arxiu |b Arxiu |d 2022-06-16 |h 2019-20 |l 0 |o PDL |p 25971 |r 2022-06-16 00:00:00 |w 2022-06-16 |y ARXIU | ||
| 952 | |0 0 |1 0 |4 0 |6 BIB799 |7 1 |9 62726 |a Arxiu |b Arxiu |d 2022-07-11 |h 2014-15 |l 0 |o Bib-799 |p 26212 |r 2022-07-11 00:00:00 |w 2022-07-11 |y ARXIU | ||
| 999 | |c 52854 |d 52854 | ||